Statistiques concernant Harry Potter: Serpentard

Cliquez ici pour prendre le quiz!

Statistiques générales

  • Ce quiz a été pris 428 fois
    (411 depuis la dernière actualisation)
  • Le résultat moyen est 27 sur 54

Statistiques - réponses

InformationRéponses% Correct
FondateurSalazar Serpentard
96%
AnimalSerpent
95%
Elève connu (Avant Harry)Severus Rogue
95%
DirecteurSeverus Rogue
95%
Elève connu (Préfet promotion Harry)Drago Malefoy
94%
Première apparitionHarry Potter à l'école des sorciers
88%
Dernière apparitionHarry Potter et les Reliques de la Mort
87%
CouleursVert et argent
87%
FantômeBaron Sanglant
85%
Elève connuGregory Goyle
83%
Elève connu (Avant Harry)Tom Jedusor
83%
Elèves connu(e)s (Avant Harry)Tous les Black sauf Sirius
83%
Elève connuVincent Crabbe
83%
Elève connue (Préfète promotion Harry)Pansy Parkinson
82%
Elève connue (Avant Harry)Narcissa Malefoy
79%
Elève connu (Avant Harry)Lucius Malefoy
78%
ReliqueMédaillon
77%
Elève connu (Après Harry)Scorpius Malefoy
75%
Elève connu (Après Harry)Albus Severus Potter
74%
EMplacement de la salle communeSous le lac, dans le sous-sol
74%
DirecteurHorace Slughorn
72%
Elève connu (Avant Harry)Horace Slughorn
72%
Elève connue (Avant Harry)Bellatrix Lestrange
71%
Elève connuBlaise Zabini
66%
CaractéristiquesDirigeants, Fierté, Ambition, Ruse, Dédain des règles, Grandeur, Noblesse et Provocation
66%
Capitaine de l'équipe de la première à la 3e année de HarryMarcus Flint
59%
Elève connuMarcus Flint
59%
Moyen d'entrer dans la salle communeMot de passe
57%
Elève connue (Avant Harry)Dolores Ombrage
42%
Élève connueMillicent Bulstrode
42%
Elève connuTheodore Nott
37%
Elève connue (Avant Harry)Andromeda Tonks
31%
Elève connuAstoria Greengrass
29%
Elève connue (Avant Harry)Leta Lestrange
26%
Elève connu (Avant Harry)Rodolphus Lestrange
26%
Adjectif utilisé par le choixpeau pour les décrire (1ere chanson)Malin
25%
Elève connueDaphné Greengrass
24%
Elève connu (Avant Harry)Evan Rosier
22%
Elève connu (Avant Harry)Merlin
19%
Elève connu (Avant Harry)Rabastan Lestrange
19%
Élèves connu(e)s (Avant Harry)Tout les Gaunt
18%
Adjectif utilisé par le choixpeau pour les décrire (1ere chanson)Roublard
17%
Elève connuGraham Montague
16%
Capitaine de l'équipe pendant la 5e année de HarryGraham Montague
16%
Elève connuAdrian Pucey
14%
Elève connuCassius Warrington
8%
Elève connuGraham Pritchard
7%
Elève connuLucian Bole
7%
Elève connueTerence Higgs
7%
Elève connuMalcolm Baddock
6%
Capitaine de l'équipe pendant le 6e année de HarryUrquhart
6%
Elève connuMiles Bletchley
5%
Elève connuePeregrine Derrick
5%
Elève connuCraig Bowker Jr
4%

Distribution des résultats

Percentile par nombre de réponses

% des personnes avec chaque résultat

Votre développement - résultats

Vous n’avez pas pris ce quiz depuis la dernière actualisation